| 000 | 00831nam a2200181Ia 4500 | ||
|---|---|---|---|
| 008 | 090630s9999 xx 000 0 und d | ||
| 082 | _b14956 | ||
| 100 | _aसहस्त्रबुध्द मनोहर. | ||
| 245 |
_aउष्णतारोधक साहित्य. _cसहस्त्रबुध्द मनोहर. |
||
| 260 |
_bमहाराष्ट्र विद्यापीठ ग्रंथनिर्मिती मंडळ - नागपूर. _c1982 |
||
| 300 | _a279 | ||
| 600 | _aसहस्त्रबुध्द मनोहर. | ||
| 630 | _aउष्णतारोधक साहित्य. | ||
| 655 | _aइतर. | ||
| 700 | _aसहस्त्रबुध्द मनोहर. | ||
| 730 | _aउष्णतारोधक साहित्य. | ||
| 942 | _cBOOK | ||
| 999 |
_c266812 _d266812 |
||